Wind Waker Islands - Statistics

General Stats
  • This quiz has been taken 27 times
  • The average score is 39 of 49
Answers on the Map
Answers color-coded by a green-red scale on the quiz's map according to % correct below.
 
Answer Stats
Answer % Correct
Outset Island
100%
Windfall Island
100%
Eastern Fairy Island
95%
Five-Eye Reef
95%
Four-Eye Reef
95%
Northern Fairy Island
95%
Pawprint Island
95%
Six-Eye Reef
95%
Three-Eye Reef
95%
Two-Eye Reef
95%
Western Fairy Island
95%
Dragon Roost Island
90%
Forsaken Fortress
90%
Greatfish Isle
90%
Southern Fairy Island
90%
Star Island
90%
Tower of the Gods
90%
Mother and Child Isles
85%
Northern Triangle Island
85%
Southern Triangle Island
85%
Thorned Fairy Island
85%
Tingle Island
85%
Crescent Moon Island
80%
Cyclops Reef
80%
Eastern triangle Island
80%
Gale Isle
80%
Islet of Steel
80%
Shark Island
80%
Boating Course
75%
Bomb Island
75%
Diamond Steppe Island
75%
Five-Star Isles
75%
Headstone Island
75%
Horseshoe Island
75%
Needle Rock Isle
75%
Seven-Star Isles
75%
Ice Ring Isle
70%
Star Belt Archipelago
70%
Bird's Peak Rock
65%
Fire Mountain
65%
Forest Haven
65%
Private Oasis
65%
Rock Spire Island
65%
Angular Isles
60%
Flight Control Platform
60%
Overlook Island
60%
Spectatle Island
60%
Cliff Plateau Isles
50%
Stone Watcher Island
50%
No matching quizzes found
Score Distribution
Percent of People with Each Score
Percentile by Number Answered
Your Score History
You have not taken this quiz